000 00728nam a2200205 i 4500
001 88870
003 ES-MaACL
005 20230906175945.0
007 t|
008 050112s1924 xxk ||||1| eng d
080 _a94(32)".../-332"
100 1 _aHerodoto.
_963126
245 1 4 _aThe Egypt of Herodotus being the second book, entitled Euterpe, of the history, in the english version /
_cof the late... George Rawlinson ; with preface and notes by E.H. Blakeney.
260 _aLondon :
_bMartin Hopkinson,
_c1924.
300 _aX, 112 p. ;
_c25 cm.
651 4 _aEgipto-
_xHistoria-
_yHasta 332 a.C.
_98145
700 1 _aRawlinson, George.
_995610
700 1 _aBlakeney, E. H.
_929102
852 _aES-MaACL
_jE-10704
_bR.135066
999 _c88870
_d88870